00595 a2200181 450000100060000002000180000604000220002410000200004624000410006624500360010730000080014336200090015165000130016094200070017395201080018095201080028899900170039664192 a9788502077751 cAnchieta - Pituba aOlinto, Antonio10aMinidicionário Antonio Olintolpor10aMinidicionário Antonio Olinto a2720 a2009 4aInglesas cBK 00104070a91.1b91.1d2023-11-21l0o032 O46m OLI MINp17864/PITr2023-11-21 18:32:36w2023-11-21yBK 00104070a91.1b91.1d2023-11-21l0o032 O46m OLI MINp17865/PITr2023-11-21 18:32:36w2023-11-21yBK c64192d64192